Sports Quiz

Random Sports or WWE Quiz
Score 0/72 Timer 10:00
0 Plays Today
Win/Loss Record Wrestler % Correct
4--0John Cena
99%
1--2--1Seth Rollins
95.1%
0--4Roman Reigns
94.2%
1--1Dean Ambrose
92.7%
1--2--1Randy Orton
92%
0--1Kane
84.9%
1--2Jimmy Uso
84.4%
1--2Jey Uso
84.4%
1--1Dolph Ziggler
84.4%
1--0--1The Miz
82.4%
1--4Kofi Kingston
82.1%
3--1Bray Wyatt
82.1%
0--2Ryback
81.3%
0--3Big E
80.5%
0--2AJ Styles
80.3%
1--0Braun Strowman
78.8%
0--2Sheamus
78.5%
1--1Alberto Del Rio
78.1%
0--0--1Brock Lesnar
78%
0--1Luke Harper
77.6%
2--0Sami Zayn
77.3%
2--0Natalya
77.3%
1--1Erick Rowan
77.1%
1--0Chris Jericho
76.6%
1--2Kevin Owens
76.5%
1--0CM Punk
76.3%
0--0--1Daniel Bryan
76.3%
2--0AJ Lee
76.3%
0--2Becky Lynch
75.8%
1--0Big Cass
75.8%
0--1Karl Anderson
75.8%
0--1Luke Gallows
75.8%
1--1Jack Swagger
75.4%
1--0Cody Rhodes
75.4%
1--0Goldust
75.4%
0--2Brie Bella
75.4%
Win/Loss Record Wrestler % Correct
1--1Antonio Cesaro
75%
1--2Charlotte
75%
0--3R-Truth
74.6%
1--0Enzo Amore
74.2%
0--1Tamina
73.7%
2--1Rusev
73.2%
0--2Damien Sandow
71.9%
1--1Fandango
71.2%
0--1Naomi
71.2%
1--0--1Darren Young
71.2%
1--0King Barrett
70.5%
1--1Sasha Banks
70.5%
1--0Bayley
69.7%
0--1Heath Slater
68.8%
1--0Jinder Mahal
68.4%
0--1Paige
68.3%
1--1Titus O'Neil
68.3%
0--2The Great Khali
67.9%
1--2Xavier Woods
67.3%
1--0Tyler Breeze
66.7%
0--2Zack Ryder
66.3%
1--0Aiden English
65.8%
1--1Curtis Axel
65.2%
0--1Rob Van Dam
63.8%
1--0Shinsuke Nakamura
63.2%
0--1Baron Corbin
63.2%
0--1Dana Brooke
62.1%
1--0Cameron
60.5%
0--1Bo Dallas
58.5%
0--1Santino Marella
58%
0--1Lana
57.9%
0--1Sin Cara
57.6%
1--0Adam Rose
56.1%
0--1Diego
52.2%
0--1Mike Kanellis
47.4%
0--1Tye Dillinger
42.1%

You're not logged in!

Compare scores with friends on all Sporcle quizzes.
OR
Log In

Sporcle TV

Today on Sporcle TV


Watch our educational content, quiz creation guides, and fun videos on Sporcle TV.

Show Comments

Extras

Top Quizzes Today


Score Distribution

Paid Content

Your Account Isn't Verified!

In order to create a playlist on Sporcle, you need to verify the email address you used during registration. Go to your Sporcle Settings to finish the process.

Report this User

Report this user for behavior that violates our Community Guidelines.

Details: